Ecología de anidación y conservación de la tortuga Caná, Dermochelys coriacea, en La Playona, golfo de Urabá chocoano (Colombia) en 1998 (Registro nro. 15415)
[ vista simple ]
| 000 -CABECERA | |
|---|---|
| Campo de control | 006280000a22001450004500 |
| 090 ## - CLASIFICACIÓN LOCAL | |
| Colección | AS |
| Consecutivo | Seriadas |
| 041 0# - IDIOMA | |
| Código de idioma para texto/pista de sonido o título separado | |
| 100 1# - ASIENTO PRINCIPAL--NOMBRE PERSONAL | |
| Nombre personal | Duque, Verónica M. |
| 245 10 - MENCION DE TITULO | |
| Título | Ecología de anidación y conservación de la tortuga Caná, Dermochelys coriacea, en La Playona, golfo de Urabá chocoano (Colombia) en 1998 |
| 246 3# - FORMA VARIANTE DEL TITULO | |
| Título propiamente dicho/forma breve del título | Nesting ecology and conservation of the leatherback turtle, Dermochelys coriacea, at La Playona, chocoan of Urabá (Colombia) in 1998 |
| 700 1# - ASIENTO SECUNDARIO - NOMBRE PERSONAL | |
| Nombre personal | Páez, Vivian P. |
| 700 1# - ASIENTO SECUNDARIO - NOMBRE PERSONAL | |
| Nombre personal | Patiño, Juan A. |
| 773 1# - Item fuente: | |
| Título | Actualidades Biológicas |
| Descripción física | 72 |
| Paginas del Articulo | 37-53 |
| Lugar, editorial y fecha de publicación | 2000 |
| Información sobre la relación | 22 |
| 942 ## - ELEMENTOS ADICIONALES (KOHA) | |
| Tipo de ítem | Artículo |
No hay ítems disponibles.